| 000 | 00687nam a2200193 i 4500 | ||
|---|---|---|---|
| 001 | 96223 | ||
| 003 | ES-MaACL | ||
| 005 | 20230906181854.0 | ||
| 007 | t| | ||
| 008 | 050614s1947 it ||||1| ita d | ||
| 100 | 1 |
_aMaffezzoni, Federico. _975427 |
|
| 245 | 1 | 4 |
_aGli effetti giurídici degli atti soggetti all'imposta di registro / _cFederico Maffezzoni. |
| 260 |
_aPadova : _bCedam, _c1947. |
||
| 300 |
_aXI, 128 p. ; _c25 cm. |
||
| 500 | _aPrecede al tít.: Istituto di Finanza dell'Università di Pavia, Studi di Politica, Diritto, Economia e Finanza. | ||
| 710 | 2 |
_aUniversità di Pavia. _bIstituto di Finanza. _9158417 |
|
| 852 |
_aES-MaACL _jC-5266 |
||
| 852 |
_aES-MaACL _jD-7341 |
||
| 999 |
_c96223 _d96223 |
||